Normal view
MARC view
Entry Personal Name
001 - CONTROL NUMBER
- control field: 37279
003 - CONTROL NUMBER IDENTIFIER
- control field: dpl
005 - DATE AND TIME OF LATEST TRANSACTION
- control field: 20111221114030.0
008 - FIXED-LENGTH DATA ELEMENTS
- fixed length control field: 111221|||a|||||| | ||| d
040 ## - CATALOGING SOURCE
- Original cataloging agency: dpl
- Transcribing agency: dpl
100 ## - HEADING--PERSONAL NAME
- Personal name: Bansal, Sunita Pant
670 ## - SOURCE DATA FOUND
- Source citation: Work cat.: (dpl): Bansal, Sunita Pant , Arjun /
670 ## - SOURCE DATA FOUND
- Source citation: Work cat.: (dpl): Bansal, Sunita Pant , Arjun /
